| 000 | 00486nam a2200157 i 4500 | ||
|---|---|---|---|
| 001 | 25851 | ||
| 003 | ES-MaACL | ||
| 005 | 20230906153338.0 | ||
| 007 | t| | ||
| 008 | 030103s1968 sp ||||1| spa d | ||
| 100 | 1 |
_aArenas Blazquez, Luis. _922602 |
|
| 245 | 1 | 3 |
_aLa última frontera _b: fisiología y técnica del buceo / _cLuis Arenas Blazquez. |
| 260 |
_a[Barcelona : _bs.n., _c1968] ( _fGráf. Marina) |
||
| 300 |
_a227 p., 6 lám. ; _c21 cm. |
||
| 852 |
_aES-MaACL _jC-34688 _bR.67114 |
||
| 999 |
_c25851 _d25851 |
||